Escherichia coli : pathotypes and principles of pathogenesis /

The second edition of Escherichia coli is a unique, comprehensive analysis of the biology and molecular mechanisms that enable this ubiquitous organism to thrive. Leading investigators in the field discuss the molecular basis of E. coli pathogenesis followed by chapters on genomics and evolution. De...

Full description

Bibliographic Details
Corporate Author: ScienceDirect (Online service)
Other Authors: Donnenberg, Michael S. (Editor)
Format: eBook
Language:English
Published: Amsterdam : Elsevier/Academic Press, ©2013.
Edition:2nd ed.
Subjects:
Online Access:Connect to the full text of this electronic book

MARC

Tag First Indicator Second Indicator Subfields
LEADER 00000cam a2200000 a 4500
001 in00005752829
005 20260326195133.2
006 m o d
007 cr cnu---unuuu
008 130806s2013 ne a ob 001 0 eng d
010 |z  2013371139 
040 |a OPELS  |b eng  |e pn  |c OPELS  |d VRC  |d DEBSZ  |d CDX  |d WAU  |d GGVRL  |d OCLCF  |d OCLCQ  |d YDXCP  |d NOC  |d OCLCQ  |d Z5A  |d NJR  |d OCLCQ  |d U3W  |d D6H  |d CHVBK  |d YDX  |d MERER  |d OCLCO  |d CUY  |d WYU  |d OCLCO  |d OCLCQ  |d OCLCO  |d VT2  |d OCLCA  |d OCLCQ  |d INARC  |d OCLCO  |d OCLCQ  |d OCLCO  |d SXB  |d OCLCQ  |d OCLCL  |d OCLCA  |d OCLCQ 
015 |a GBB358845  |2 bnb 
016 7 |a 101617346  |2 DNLM 
016 7 |a 016448237  |2 Uk 
019 |a 1053705860  |a 1055310760  |a 1065699990  |a 1151011943  |a 1235832395  |a 1285574127 
020 |a 9780123977779 
020 |a 0123977770 
020 |a 0123970482 
020 |a 9780123970480 
020 |a 9781299674271 
020 |a 1299674275 
020 |z 9780123970480 
020 |z 0123970482 
024 3 |a 9780123970480 
035 |a (OCoLC)855055621  |z (OCoLC)1053705860  |z (OCoLC)1055310760  |z (OCoLC)1065699990  |z (OCoLC)1151011943  |z (OCoLC)1235832395  |z (OCoLC)1285574127 
037 |a 498677  |b MIL 
050 4 |a QR201.E82  |b E74 2013eb 
060 4 |a 2013 I-248 
060 4 |a QW 138.5.E8 
072 7 |a HEA  |2 ukslc 
082 0 4 |a 616.926  |2 23 
049 |a TXAM 
245 0 0 |a Escherichia coli :  |b pathotypes and principles of pathogenesis /  |c edited by Michael S. Donnenberg. 
250 |a 2nd ed. 
260 |a Amsterdam :  |b Elsevier/Academic Press,  |c ©2013. 
300 |a 1 online resource (xxi, 576 pages) :  |b illustrations 
336 |a text  |b txt  |2 rdacontent 
337 |a computer  |b c  |2 rdamedia 
338 |a online resource  |b cr  |2 rdacarrier 
520 |a The second edition of Escherichia coli is a unique, comprehensive analysis of the biology and molecular mechanisms that enable this ubiquitous organism to thrive. Leading investigators in the field discuss the molecular basis of E. coli pathogenesis followed by chapters on genomics and evolution. Detailed descriptions of distinct strains reveal the molecular pathogenesis of each and the causes of intestinal and extra-intestinal infections in humans. This work concludes with a presentation of virulence factors common to two or more pathotypes. The book is a great resource for references and up-to-date knowledge for anyone who studies E. coli pathogenesis, either as established investigators or investigators new to the field. It is also an excellent text for those who teach mechanisms of pathogenesis to graduate students and medical students and wish to have a source of knowledge from which to develop lectures. Offers a single source of information of E. coli pathogenesis written by expert authorsPresents comprehensive coverage on molecular mechanisms, biology, evolution and genomics and recent advances. 
588 0 |a Print version record. 
504 |a Includes bibliographical references and index. 
505 0 |a Section I. Escherichia coli, the organism -- section II. Escherichia coli pathotypes -- section III. Escherichia coli virulence factors. 
650 0 |a Escherichia coli infections. 
650 0 |a Escherichia coli. 
650 0 |a Virulence (Microbiology) 
650 1 2 |a Escherichia coli  |x genetics 
650 1 2 |a Escherichia coli  |x pathogenicity 
650 2 2 |a Escherichia coli Proteins  |x metabolism 
650 2 2 |a Virulence 
650 2 |a Escherichia coli Infections 
650 2 |a Escherichia coli 
650 6 |a Colibacillose. 
650 6 |a Escherichia coli. 
650 7 |a Escherichia coli  |2 fast 
650 7 |a Escherichia coli infections  |2 fast 
650 7 |a Virulence (Microbiology)  |2 fast 
650 7 |a Escherichia coli  |2 gnd 
650 7 |a Pathogenität  |2 gnd 
655 7 |a Electronic books.  |2 local 
700 1 |a Donnenberg, Michael S.,  |e editor. 
710 2 |a ScienceDirect (Online service) 
776 0 8 |i Print version:  |t Escherichia coli.  |b 2nd edition  |z 9780123970480  |w (OCoLC)852806068 
856 4 0 |u http://proxy.library.tamu.edu/login?url=https://www.sciencedirect.com/science/book/9780123970480  |z Connect to the full text of this electronic book  |t 0 
955 |a Elsevier ScienceDirect 2026-2027 
994 |a 92  |b TXA 
999 f f |i 83442c8c-55fa-4a63-8862-b02306252e54  |s c6f7179e-09f6-4fe3-ac65-d42f44dd9334  |t 0 
952 f f |a Texas A&M University  |b College Station  |c Electronic Resources  |s www_evans  |d Available Online  |t 0  |e QR201.E82 E74 2013eb  |h Library of Congress classification 
998 f f |a QR201.E82 E74 2013eb  |t 0  |l Available Online